000 00326 a2200157 4500
001 193032
020 _a978-1-4082-6404-1
040 _cMagnum
100 _aHearn, Izabella
240 1 0 _aAfrican safari
_lpor
245 1 0 _aAfrican safari
300 _a22
362 0 _a2012
697 _aLITERATURA INGLESA
942 _cBK
999 _c193032
_d193032